| 000 | 01110cac a22002891a 4500 | ||
|---|---|---|---|
| 999 |
_c9572 _d9572 |
||
| 003 | EG-ScBUE | ||
| 005 | 20191202113407.0 | ||
| 008 | 190714s1982 enka f b 000 0 eng d | ||
| 020 | _a0521248868 | ||
| 020 | _a0521270464 (pbk.) | ||
| 040 |
_aEG-ScBUE _beng _erda _cEG-ScBUE _dEG-ScBUE |
||
| 082 | 0 | 4 |
_a407 _bSUR _222 |
| 245 | 0 | 0 |
_aSurveys 1 : _beight state-of-the-art articles on key areas in language teaching / _cedited by Valerie Kinsella, for the Centre for Information on Language Teaching and Research (CILT) and the British Council. |
| 264 | 1 |
_aCambridge ; _aNew York : _bCambridge University Press, _c1982. |
|
| 300 |
_a159 pages : _billustrations ; _c22 cm. |
||
| 336 |
_2rdacontent _atext _btxt |
||
| 337 |
_2rdamedia _aunmediated _bn |
||
| 338 |
_2rdacarrier _avolume _bnc |
||
| 490 | 0 | _aCambridge language teaching surveys | |
| 504 | _aIncludes bibliographical references | ||
| 590 | _aMarwa Ashraf | ||
| 650 | 7 |
_aLanguage and languages _xStudy and teaching. _2BUEsh |
|
| 653 |
_bHHUUEENN _cJuly2019 |
||
| 655 | _vReading book | ||
| 700 | 1 |
_aKinsella, Valerie, _eeditor. |
|
| 942 |
_cBB _k407SUR _2ddc |
||